000 00297nam a2200109Ia 4500
008 220622s9999 xx 000 0 und d
020 _a0-4351212626
082 _aEF ACHE
100 _aAchebe, Chinua
_91515
245 0 _aThings fall apart
942 _cBK
_w561
_xJohn Tresidder
_y
_zCRON CRON
999 _c670080
_d670079